000 00604nam a2200241Ia 4500
003 OSt
005 20221007104927.0
006 a|||||r|||| 00| 0
007 ta
008 221006b |||||||| |||| 00| 0 eng d
024 _a17,123
037 _cTextual
040 _aLCO
_cLCO
_beng
041 _2eng
_aeng
082 _aZ2,4, K8
100 _aFleming John G.
_9706379
245 0 _aLaw of Torts
260 _aLondon
_bOxford University Press UK
_c1968
300 _a230
650 _aTORTS
_9690967
942 _hZ2,4, K8
_cTEXL
999 _c1186686
_d1186686